Get the Picture: AFC East Profiles Quiz Stats

 Plays Quiz Updated Mar 28, 2019

Score 0/20 Timer 03:00
2 Plays Today
Question Answer Wrong Answers
Top Players All-Time
Tom Brady, John Hannah, Steve Grogan
Patriots
90.4%
Bills
2.5%
Dolphins
1.5%
Jets
0.8%
Top Players All-Time
Dan Marino, Jason Taylor, Zach Thomas
Dolphins
89%
Bills
3.3%
Patriots
0.9%
Jets
1.6%
Miscellaneous
Has appeared in the most Super Bowls of any NFL team
Patriots
88.8%
Bills
2.7%
Dolphins
2.2%
Jets
1%
Most Recent Division Championship
2018
Patriots
88.8%
Bills
2.9%
Dolphins
2%
Jets
1.2%
Super Bowl Record
0-4
Bills
84.6%
Dolphins
4.1%
Patriots
1.2%
Jets
4.6%
Home Stadium
Gillette Stadium
Patriots
83.4%
Bills
5.2%
Dolphins
2.9%
Jets
3.3%
Super Bowl Record
6-5
Patriots
82.8%
Bills
4%
Dolphins
5%
Jets
3%
Top Players All-Time
Bruce Smith, Thurman Thomas, Jim Kelly
Bills
82.8%
Dolphins
4.4%
Patriots
1.7%
Jets
6.1%
Home Stadium
MetLife Stadium
Jets
76.7%
Bills
6.2%
Dolphins
7%
Patriots
5%
Miscellaneous
Only team to complete a perfect season and win a Super Bowl
Dolphins
75.7%
Bills
2.7%
Patriots
15.1%
Jets
1.5%
Super Bowl Record
1-0
Jets
75.1%
Bills
6%
Dolphins
12.5%
Patriots
1.6%
Home Stadium
Hard Rock Stadium
Dolphins
74.1%
Bills
11.7%
Patriots
1.7%
Jets
7.1%
Super Bowl Record
2-3
Dolphins
71.9%
Bills
8.1%
Patriots
2.7%
Jets
12.4%
Miscellaneous
Owned by Ralph Wilson from the team's inception until 2014
Bills
69.6%
Dolphins
13.1%
Patriots
3.3%
Jets
8.8%
Most Recent Division Championship
1995
Bills
67.1%
Dolphins
13.8%
Patriots
3.4%
Jets
10.7%
Home Stadium
New Era Field
Bills
66.8%
Dolphins
14.6%
Patriots
3.6%
Jets
9.8%
Top Players All-Time
Don Maynard, Mo Lewis, Larry Grantham
Jets
66%
Bills
16.5%
Dolphins
10.5%
Patriots
1.8%
Miscellaneous
Team was originally known as the Titans
Jets
59.1%
Bills
19.8%
Dolphins
7.7%
Patriots
8.5%
Most Recent Division Championship
2008
Dolphins
52.1%
Bills
10.4%
Patriots
8.1%
Jets
24.6%
Most Recent Division Championship
2002
Jets
49.2%
Bills
17.9%
Dolphins
21.6%
Patriots
6.2%

Today's Daily Dose

Missing Word
Banned Books (A-Z)

Word Ladder
Janis Joplin

Get the Picture
Occupations

You're not logged in!

Compare scores with friends on all Sporcle quizzes.
OR
Log In

Sporcle TV

Today on Sporcle TV


Watch our educational content, quiz creation guides, and fun videos on Sporcle TV.

Show Comments

Extras

Top Quizzes Today


Score Distribution

Your Account Isn't Verified!

In order to create a playlist on Sporcle, you need to verify the email address you used during registration. Go to your Sporcle Settings to finish the process.

Report this User

Report this user for behavior that violates our Community Guidelines.

Details: